| Registos Bibliográficos associados ao registo de autoridade |
|
Etiqueta de registo: 00000nam 2200025 450 001 2284154 003 http://id.bnportugal.gov.pt/bib/catbnp/2284154 100 ## $a20260413d2025 k y0pory01030103ba 101 0# $apor$deng 102 ## $aPT 105 ## $aa m 000yy 106 ## $ar 200 1# $a A relação entre o intraempreendedorismo e a intenção de saída$e o papel do job crafting e da orientação para o trabalho$fRita Alexandra Oliveira Pelica$gorient. Patrícia Jardim da Palma, Maria João Velez, Fernanda Nogueira 210 #9 $aLisboa$c[s.n.],$d2025 215 ## $aXVII f., 341 p.$cil.$d30 cm 328 #1 $aTese dout. Políticas de Desenvolvimento de Recursos Humanos, Instituto Superior de
Ciências Sociais e Políticas, Universidade de Lisboa, 2025 700 #1 $aPelica,$bRita Alexandra Oliveira$31995420 702 #1 $aPalma,$bPatrícia Jardim da$4727$31428719 702 #1 $aVelez,$bMaria João Perdigão$4727$31706076 702 #1 $aNogueira,$bFernanda$4727$31051512 801 #0 $aPT$bBN$gRPC 966 ## $lBN$mFGMON$x1 971 ## $corlando$d20260413
|
|
|